000 00287nam a22001337a 4500
008 170713b xxu||||| |||| 00| 0 eng d
020 _a9780805385779
041 _aeng
080 _a573
100 _a11
101 _aSHM
245 _aLIFE IN THE UNIVERSE
_cBENNETT
942 _2udc
_cBK
999 _c20558
_d20558